000 00911cam a2200277 a 4500
001 13288236
005 20260313114954.0
008 030724s2004 nyuab b 001 0 eng
020 _a0195149750 (pbk.)
020 _a9780195149753
050 0 0 _aHQ1075
_b.K547 2004
082 0 0 _a305.3
_222
100 1 _aKimmel, Michael S.
245 1 4 _aThe gendered society /
_cMichael S. Kimmel.
250 _a2nd ed.
260 _aNew York :
_bOxford University Press,
_c2004.
300 _aviii, 344 p. :
_bill., map ;
_c24 cm.
650 0 _aSex role.
650 0 _aSex differences (Psychology)
650 0 _aGender identity.
650 0 _aSex discrimination.
650 0 _aEquality.
856 4 2 _3Publisher description
_uhttp://www.loc.gov/catdir/enhancements/fy0615/2003060855-d.html
856 4 1 _3Table of contents only
_uhttp://www.loc.gov/catdir/enhancements/fy0615/2003060855-t.html
942 _2lcc
_cBK
_n0
999 _c3085
_d3085